The innovator's dilemma: the revolutionary book that will change the way you do business
Furkejuvvon:
| Váldodahkki: | |
|---|---|
| Materiálatiipa: | Girji |
| Giella: | espánnjágiella |
| Almmustuhtton: |
Nueva York
Harper Business
2011
|
| Preanttus: | 1a. ed |
| Fáttát: | |
| Fáddágilkorat: |
Lasit fáddágilkoriid
Eai fáddágilkorat, Lasit vuosttaš fáddágilkora!
|
MARC
| LEADER | 00000cam a2200000 a 4500 | ||
|---|---|---|---|
| 001 | UCE9101 | ||
| 003 | CL-VaPUC | ||
| 008 | 150928e20110000us |||||||||||||||||spa|d | ||
| 020 | |a 9780062060242 | ||
| 082 | 0 | 4 | |a 658 |b CHR |2 21 |
| 100 | 0 | |a Christensen, Clayton M |e author |9 581816 | |
| 245 | 1 | 4 | |a The innovator's dilemma: the revolutionary book that will change the way you do business |
| 250 | |a 1a. ed | ||
| 300 | |a 286 p | ||
| 942 | |c BK | ||
| 945 | |d 20150928 14:02:00 |a gsalatino | ||
| 260 | |a Nueva York |b Harper Business |c 2011 | ||
| 650 | 7 | |a HABILIDAD EJECUTIVA |2 CL-VaPUC |9 520225 | |
| 650 | 0 | |a Desarrollo industrial |9 322675 | |
| 650 | 0 | |a Servicio al cliente |9 320800 | |
| 583 | |a last modification |c 20151001 12:10:51 |k Rodrigo Vera | ||
| 999 | |c 360808 |d 360806 | ||
| 952 | |0 0 |1 0 |3 erb |4 0 |6 658_000000000000000_CHR_2011 |7 0 |8 A |9 470776 |a BIBING |b BIBING |i 5199514 |o 658 CHR 2011 |p 5199514 |r 2025-01-20 |w 2019-11-23 |y BK |z Catalogado en:20150928 |k EII | ||
| 952 | |0 0 |1 0 |3 erb |4 0 |6 658_000000000000000_CHR_2011 |7 0 |8 A |9 470777 |a BIBING |b BIBING |i 5199506 |o 658 CHR 2011 |p 5199506 |r 2025-01-20 |w 2019-11-23 |y BK |z Catalogado en:20150928 |k EII | ||